00314 a2200097 4500001001000000005001700010008004100027245007200068100002600140773005000166ART_3128220260410161840.0260409a 10aLa importancia del control público en los sistemas democráticos1 aIvanega, Miriam Mabel0 tRAPg- Año 36, Nº 422 (nov. 2013)wREV5941